| 000 | 00767nam a22002297a 4500 | ||
|---|---|---|---|
| 005 | 20170124110211.0 | ||
| 010 | _aB-089734 | ||
| 020 |
_c795.00 _a9788178241166 |
||
| 035 | _aB-089734 | ||
| 037 | _bCen Lib/Ret | ||
| 040 |
_aDPL _bEN |
||
| 082 |
_a921 _bDHU |
||
| 100 |
_aDhupelia-Mesthrie, Uma _938236 |
||
| 245 |
_aGandhis prisoner? : _cby Uma Dhupelia-Mesthrie _bthe life of ghnadhis son manilal / |
||
| 260 |
_aNew Delhi _bPermanent Black _c2005 |
||
| 270 |
_bNew Delhi _aD-28 oxford apartments, 11 IP extention _e110092 |
||
| 300 |
_a419p.: _c21cm(Hb) _bill. |
||
| 500 | _aIncludes bibliographical references and index | ||
| 650 |
_aPolitical science _9101945 |
||
| 650 |
_aPolitical activists _938238 |
||
| 942 |
_2ddc _cEN _h921 _mDHU |
||
| 999 |
_c133546 _d133546 |
||